000 00661nam a2200253Ia 4500
003 GCL
008 140319s9999 xx 000 0 eng d
040 _aGCL /
_cGCL
082 0 4 _aCC
_b892.76
_bS E
100 1 _aSAMIA MEHREZ
245 1 0 _aEGYPTIAN WRITERS BETWEEN HISTORY AND FICTION /
_cSAMIA MEHREZ
260 _a[S.N] :
_bTHE AMERICAN UNIVERSITY IN CAIRO PRESS ،
_c1993
300 _a161
650 0 4 _aLITERATURE
650 0 4 _aSONALLAH IBRAHIM
650 0 4 _aEGYPT
650 0 4 _aHISTORY
650 0 4 _aARABIC LITERATURE
650 0 4 _aFICTION
650 0 4 _aNAGUIB MAHFOUZ
650 0 4 _aGANAL AL-GHITONI
650 0 4 _aESSAYS
942 _2ddc
_cBK
999 _c17056
_d17056